书目信息 |
| 题名: |
偷渡者群落
|
|
| 作者: | 杨初 著 | |
| 分册: | ||
| 出版信息: | 北京 经济日报出版社 2000.01 |
|
| 页数: | 329页 | |
| 开本: | 32开 | |
| 丛书名: | ||
| 单 册: | ||
| 中图分类: | I253.7 | |
| 科图分类: | ||
| 主题词: | 报告文学--中国 , 传记文学--中国 | |
| 电子资源: | ||
| ISBN: | 7-80127-705-8 | |
| 000 | 00532nam0 2200193 45 | |
| 001 | 0011111150 | |
| 005 | 20041011085318.43 | |
| 010 | @a7-80127-705-8@dCNY 19.80 | |
| 100 | @a20001111d2000 km y0chiy0120 ea | |
| 101 | 0 | @achi |
| 200 | 1 | @a偷渡者群落@ATou Du Zhe Qun Luo@f杨初著@Fyang chu zhu |
| 210 | @a北京@c经济日报出版社@d2000.01 | |
| 215 | @a329页@d32开 | |
| 606 | 0 | @a报告文学@x中国 |
| 606 | 0 | @a传记文学@x中国 |
| 690 | @aI253.7@v3 | |
| 701 | 0 | @a杨初@4著 |
| 801 | @aCN@bPftUser@c20041011 | |
| 905 | @b401751-752@dI253.7@eY.575@f2 | |
| 偷渡者群落/杨初著.-北京:经济日报出版社,2000.01 |
| 329页;32开 |
| ISBN 7-80127-705-8:CNY 19.80 |
| ● |
| 相关链接 |
|
|
|
正题名:偷渡者群落
索取号:I253.7/Y.575
 
预约/预借
| 序号 | 登录号 | 条形码 | 馆藏地/架位号 | 状态 | 备注 |
| 1 | 399201 | 203992019 | 文学库108/108文学库 68排10列2层/ [索取号:I253.7/Y.575] | 在馆 | |
| 2 | 399202 | 203992028 | 文学库108/ [索取号:I253.7/Y.575] | 在馆 | |
| 3 | 401751 | 204017517 | 文学库108/400B社科库 24排3列4层/ [索取号:I253.7/Y.575] | 在馆 | |
| 4 | 401752 | 204017526 | 文学库108/108文学库 68排10列2层/ [索取号:I253.7/Y.575] | 在馆 |